|
|
|
|
| LEADER |
00000nam0a2200000 4500 |
| 001 |
338690 |
| 005 |
20231102005054.0 |
| 035 |
|
|
|a (RuTPU)RU\TPU\book\365194
|
| 090 |
|
|
|a 338690
|
| 100 |
|
|
|a 20171130d1971 km y0rusy50 ca
|
| 101 |
0 |
|
|a rus
|
| 102 |
|
|
|a RU
|
| 105 |
|
|
|a a z 001zy
|
| 200 |
1 |
|
|a Гидромеханические коробки передач
|f Н. Д. Мазалов, С. М. Трусов
|
| 210 |
|
|
|a Москва
|c Машиностроение
|d 1971
|
| 215 |
|
|
|a 294 с.
|c ил.
|
| 320 |
|
|
|a Библиогр.: с. 290-292
|
| 606 |
1 |
|
|a Коробки передач,автомобильные,автоматические
|2 stltpush
|3 (RuTPU)RU\TPU\subj\15708
|9 41922
|
| 610 |
1 |
|
|a гидротрансформаторы
|
| 610 |
1 |
|
|a автомобили
|
| 610 |
1 |
|
|a конструкции
|
| 610 |
1 |
|
|a типы
|
| 610 |
1 |
|
|a рабочие процессы
|
| 610 |
1 |
|
|a свойства
|
| 610 |
1 |
|
|a схемы
|
| 610 |
1 |
|
|a характеристики
|
| 610 |
1 |
|
|a параметры
|
| 610 |
1 |
|
|a редукторы
|
| 610 |
1 |
|
|a гидропередачи
|
| 675 |
|
|
|a 629.113-58
|v 4
|
| 700 |
|
1 |
|a Мазалов
|b Н. Д.
|g Николай Дмитриевич
|
| 701 |
|
1 |
|a Трусов
|b С. М.
|g Сергей Михайлович
|
| 801 |
|
1 |
|a RU
|b 63413507
|c 20171130
|
| 801 |
|
2 |
|a RU
|b 63413507
|c 20171207
|g RCR
|
| 942 |
|
|
|c BK
|